[Event "SVK-ch op"]
[Site "Ruzomberok"]
[Date "2019.07.07"]
[Round "9"]
[White "Balogh, Peter1111"]
[Black "Mocary, Metod"]
[Result "1/2-1/2"]
[WhiteElo "2037"]
[BlackElo "1830"]
[PlyCount "51"]
[EventDate "2019.06.29"]
[EventType "swiss"]
[EventRounds "9"]
[EventCountry "SVK"]
[SourceTitle "CBM 191 Extra"]
[Source "ChessBase"]
[SourceDate "2019.09.30"]
[SourceVersion "1"]
[SourceVersionDate "2019.09.30"]
[SourceQuality "1"]

1. e4 d6 2. d4 Nf6 3. Nc3 g6 4. Bg5 h6 5. Bxf6 exf6 6. f4 Bg7 7. Qf3 0-0 8. 0-0-0 c6 9. g4 b5 10. h4 b4 11. Nb1 Qa5 12. Bc4 Ba6 13. Qb3 Bxc4 14. Qxc4 d5 15. exd5 Qxd5 16. Qxd5 cxd5 17. f5 Nc6 18. Nf3 Rfe8 19. Rde1 Kf8 20. fxg6 fxg6 21. h5 gxh5 22. gxh5 Rxe1+ 23. Rxe1 Re8 24. Rxe8+ Kxe8 25. Kd2 Kf7 26. Ke3 1/2-1/2

[Event "SVK-ch op"]
[Site "Ruzomberok"]
[Date "2019.06.29"]
[Round "1"]
[White "Farkas, Gabor"]
[Black "Mocary, Metod"]
[Result "1-0"]
[WhiteElo "2353"]
[BlackElo "1830"]
[PlyCount "63"]
[EventDate "2019.06.29"]
[EventType "swiss"]
[EventRounds "9"]
[EventCountry "SVK"]
[SourceTitle "CBM 191 Extra"]
[Source "ChessBase"]
[SourceDate "2019.09.30"]
[SourceVersion "1"]
[SourceVersionDate "2019.09.30"]
[SourceQuality "1"]

1. e4 d6 2. d4 Nf6 3. Nc3 g6 4. h3 Bg7 5. Be3 c6 6. Qd2 0-0 7. Nf3 b5 8. a3 Bb7 9. Bh6 a5 10. Bxg7 Kxg7 11. Bd3 Nbd7 12. e5 Ne8 13. h4 h5 14. e6 fxe6 15. Bxg6 Rf6 16. Bxh5 Rf5 17. Bg4 Nef6 18. Bxf5 exf5 19. Qg5+ Kf7 20. Qxf5 Nf8 21. Ng5+ Ke8 22. h5 b4 23. axb4 axb4 24. Rxa8 Qxa8 25. Nd1 c5 26. h6 b3 27. h7 bxc2 28. Qxc2 Bxg2 29. h8Q Bxh1 30. Qg6+ Kd7 31. Qf5+ Kc7 32. Ne6+ 1-0

[Event "SVK-ch 65"]
[Site "Tatranske Matliare"]
[Date "2019.06.01"]
[Round "9"]
[White "Mocary, Metod"]
[Black "Bakalar, Jan"]
[Result "1/2-1/2"]
[WhiteElo "1830"]
[BlackElo "1994"]
[PlyCount "35"]
[EventDate "2019.05.25"]
[EventType "swiss"]
[EventRounds "9"]
[EventCountry "SVK"]
[SourceTitle "CBM 190 Extra"]
[Source "ChessBase"]
[SourceDate "2019.07.15"]
[SourceVersion "1"]
[SourceVersionDate "2019.07.15"]
[SourceQuality "1"]

1. d4 d6 2. e4 Nf6 3. Nc3 g6 4. Nf3 Bg7 5. h3 0-0 6. Be3 c6 7. Bd3 Qc7 8. Qd2 Rd8 9. 0-0-0 b5 10. Bh6 b4 11. Ne2 a5 12. Bxg7 Kxg7 13. Ng3 Ng8 14. h4 c5 15. Bc4 e6 16. dxc5 Qxc5 17. Qd4+ Qxd4 18. Rxd4 1/2-1/2

[Event "Stare Mesto op"]
[Site "Stare Mesto"]
[Date "2017.08.14"]
[Round "5"]
[White "Mocary, Metod"]
[Black "Rabatin, Jakub"]
[Result "0-1"]
[WhiteElo "1861"]
[BlackElo "2285"]
[PlyCount "56"]
[EventDate "2017.08.11"]
[EventType "swiss"]
[EventRounds "10"]
[EventCountry "CZE"]
[SourceTitle "CBM 180 Extra"]
[Source "ChessBase"]
[SourceDate "2017.10.06"]
[SourceVersion "1"]
[SourceVersionDate "2017.10.06"]
[SourceQuality "1"]

1. d4 d5 2. Nf3 Nf6 3. g3 c5 4. c3 e6 5. Bg2 Nc6 6. 0-0 Bd6 7. Bg5 0-0 8. Bxf6 Qxf6 9. e3 Rd8 10. Nbd2 Qe7 11. Qc2 b6 12. Rfe1 Bb7 13. Rad1 Rac8 14. Qb1 cxd4 15. exd4 b5 16. h4 h6 17. Ne5 Nxe5 18. dxe5 Bc5 19. Nb3 Bb6 20. a3 a5 21. Rc1 b4 22. cxb4 axb4 23. a4 Ba6 24. Nd2 Qa7 25. Rxc8 Rxc8 26. Kh2 Bxf2 27. Rc1 Rxc1 28. Qxc1 Qe3 0-1

[Event "Stare Mesto op"]
[Site "Stare Mesto"]
[Date "2016.08.10"]
[Round "7"]
[White "Zpevakova, Jana"]
[Black "Mocary, Metod"]
[Result "0-1"]
[WhiteElo "2087"]
[BlackElo "1826"]
[PlyCount "104"]
[EventDate "2016.08.05"]
[EventType "swiss"]
[EventRounds "10"]
[EventCountry "CZE"]
[SourceTitle "CBM 173 Extra"]
[Source "ChessBase"]
[SourceDate "2016.08.29"]
[SourceVersion "1"]
[SourceVersionDate "2016.08.29"]
[SourceQuality "1"]

1. d4 Nf6 2. c4 g6 3. Nc3 d5 4. cxd5 Nxd5 5. Bd2 Bg7 6. Nf3 0-0 7. Rc1 Nc6 8. Bg5 h6 9. Bh4 Nxc3 10. bxc3 g5 11. Bg3 g4 12. Nd2 e5 13. e3 f5 14. Bc4+ Kh8 15. dxe5 Nxe5 16. 0-0 h5 17. Bb3 h4 18. Bf4 Nd3 19. Rc2 Nxf4 20. exf4 Qd6 21. g3 Be6 22. Bxe6 Qxe6 23. Re1 Qc6 24. f3 h3 25. Nb3 gxf3 26. Nd4 f2+ 27. Rxf2 Qxc3 28. Ne6 Rfe8 29. Rc2 Qb4 30. Qh5+ Kg8 31. Rce2 Qb6+ 32. Kf1 Qc6 33. Qxh3 Rxe6 34. Qg2 Qxg2+ 35. Kxg2 Rxe2+ 36. Rxe2 Kf7 37. h3 Re8 38. Rc2 c6 39. g4 Bd4 40. Kg3 c5 41. Kh4 Rh8+ 42. Kg5 Rxh3 43. Kxf5 b5 44. g5 a5 45. Kg4 Rh1 46. Re2 c4 47. f5 c3 48. g6+ Kf8 49. Kf4 Rf1+ 50. Ke4 Bf6 51. Kd5 Rxf5+ 52. Ke6 Re5+ 0-1

[Event "EU Amateur-ch"]
[Site "Ruzomberok"]
[Date "2016.06.12"]
[Round "9"]
[White "Pelech, Roee"]
[Black "Mocary, Metod"]
[Result "0-1"]
[WhiteElo "1401"]
[BlackElo "1847"]
[PlyCount "98"]
[EventDate "2016.06.06"]
[EventType "swiss"]
[EventRounds "9"]
[EventCountry "SVK"]
[SourceTitle "CBM 172 Extra"]
[Source "ChessBase"]
[SourceDate "2016.06.21"]
[SourceVersion "1"]
[SourceVersionDate "2016.06.21"]
[SourceQuality "1"]

1. e4 g6 2. Nf3 Bg7 3. d4 c5 4. c3 Qb6 5. dxc5 Qxc5 6. Be3 Qc7 7. Bd4 Nf6 8. e5 Ng4 9. e6 f6 10. exd7+ Bxd7 11. h3 Nh6 12. Qd3 Nf5 13. Qc4 Qxc4 14. Bxc4 Nxd4 15. Nxd4 e5 16. Ne6 Bxe6 17. Bxe6 Ke7 18. Bd5 Nd7 19. b3 Rab8 20. Nd2 Nb6 21. Bf3 f5 22. Be2 e4 23. Rc1 Nd5 24. Nb1 Nf4 25. Bf1 Rbc8 26. g3 Nd5 27. Bc4 Nb6 28. Be2 Rc7 29. c4 Bh6 30. Rc3 Rhc8 31. f4 Bg7 32. Rc2 Nd5 33. a3 b5 34. g4 Nxf4 35. gxf5 gxf5 36. Nd2 Bd4 37. Bf1 Nd5 38. Nb1 bxc4 39. Rxc4 Rxc4 40. Bxc4 Ne3 41. Ke2 Nxc4 42. bxc4 Rxc4 43. Kd2 f4 44. Re1 Bb6 45. Ke2 f3+ 46. Kf1 f2 47. Rd1 e3 48. Ke2 Rc2+ 49. Kd3 e2 0-1

[Event "Oravska Priehrada op"]
[Site "Oravska Priehrada"]
[Date "2013.08.10"]
[Round "4"]
[White "Danada, Tomas"]
[Black "Mocary, Metod"]
[Result "1-0"]
[WhiteElo "2081"]
[BlackElo "1929"]
[PlyCount "81"]
[EventDate "2013.08.09"]
[EventType "swiss"]
[EventRounds "7"]
[EventCountry "SVK"]
[SourceTitle "CBM 155 Extra"]
[Source "ChessBase"]
[SourceDate "2013.08.26"]
[SourceVersion "1"]
[SourceVersionDate "2013.08.26"]
[SourceQuality "1"]

1. e4 g6 2. d4 Bg7 3. c4 d6 4. Nc3 Nd7 5. Nge2 c5 6. Be3 Ngf6 7. f3 b6 8. d5 0-0 9. g4 Ne5 10. Ng3 Ba6 11. Nb5 Bxb5 12. cxb5 c4 13. Be2 a6 14. bxa6 b5 15. Bd4 Qa5+ 16. Qd2 Qxa6 17. 0-0 Rfc8 18. g5 Nfd7 19. f4 c3 20. Bxc3 Qb6+ 21. Kg2 Nc4 22. Bxc4 Bxc3 23. bxc3 Rxc4 24. Rf3 Rac8 25. Re1 b4 26. Ree3 bxc3 27. Rxc3 Qb1 28. Kh3 Rxc3 29. Rxc3 Nc5 30. Qc2 Qe1 31. a4 Rb8 32. Ra3 Rb4 33. a5 Nxe4 34. a6 Nf2+ 35. Kg2 Nd1 36. a7 Rxf4 37. a8Q+ Kg7 38. Rf3 Ne3+ 39. Rxe3 Qxe3 40. Qa1+ f6 41. Qe2 1-0

[Event "SVK-ch Seniors"]
[Site "Tatranske Matliare"]
[Date "2013.06.08"]
[Round "8"]
[White "Mocary, Metod"]
[Black "Jerman, Richard"]
[Result "0-1"]
[WhiteElo "1919"]
[BlackElo "2104"]
[PlyCount "100"]
[EventDate "2013.06.02"]
[EventType "swiss"]
[EventRounds "9"]
[EventCountry "SVK"]
[SourceTitle "EXT 2023"]
[Source "ChessBase"]
[SourceDate "2022.10.05"]
[SourceVersion "1"]
[SourceVersionDate "2022.10.05"]
[SourceQuality "1"]

1. d4 Nf6 2. Bg5 c5 3. Bxf6 gxf6 4. c3 cxd4 5. cxd4 d5 6. e3 Qb6 7. Qc2 Nc6 8. Nc3 e6 9. a3 Bd7 10. Bd3 Rc8 11. Nf3 Na5 12. Nd2 Nc4 13. Nxc4 dxc4 14. Be4 Qc7 15. 0-0 Bd6 16. f4 b5 17. Kh1 a5 18. Bf3 f5 19. d5 b4 20. axb4 axb4 21. dxe6 fxe6 22. Bh5+ Ke7 23. Ne2 Be8 24. Bf3 Bc6 25. Qxc4 Bxf3 26. Qxc7+ Rxc7 27. gxf3 Rc2 28. Ra7+ Kf6 29. Nd4 Rxb2 30. Ra6 Bc5 31. Nxe6 Bxe3 32. Re1 Rc8 33. Nd4+ Kf7 34. Nxf5 Rc1 35. Nh6+ Kf8 36. Ra8+ Ke7 37. Ra7+ Kd8 38. Nf7+ Kc8 39. Nd6+ Kb8 40. Rb7+ Ka8 41. Rxc1 Bxc1 42. Rxh7 Bxf4 43. Nc4 Rc2 44. Nb6+ Kb8 45. Nd5 b3 46. Nxf4 b2 47. Rh8+ Ka7 48. Rh7+ Ka6 49. Rh6+ Ka5 50. Rh5+ Ka4 0-1

[Event "SVK-ch Seniors"]
[Site "Tatranske Matliare"]
[Date "2013.06.07"]
[Round "7"]
[White "Veselsky, Jozef"]
[Black "Mocary, Metod"]
[Result "1/2-1/2"]
[WhiteElo "2174"]
[BlackElo "1919"]
[PlyCount "138"]
[EventDate "2013.06.02"]
[EventType "swiss"]
[EventRounds "9"]
[EventCountry "SVK"]
[SourceTitle "EXT 2023"]
[Source "ChessBase"]
[SourceDate "2022.10.05"]
[SourceVersion "1"]
[SourceVersionDate "2022.10.05"]
[SourceQuality "1"]

1. d4 d6 2. Nf3 c5 3. d5 e5 4. dxe6 Bxe6 5. e4 g6 6. Bb5+ Nc6 7. 0-0 Bg7 8. Nc3 Nge7 9. Bf4 Qa5 10. Bxc6+ Nxc6 11. Nd5 0-0 12. c3 Ne5 13. Nxe5 Bxe5 14. Bg5 Bxd5 15. Qxd5 Qb6 16. Rab1 Kg7 17. Qd2 Rfe8 18. Rfd1 Kg8 19. f3 Qc7 20. Be3 Rad8 21. Bg5 Rc8 22. Qd5 Qc6 23. Qd2 b5 24. Be3 a5 25. Qd5 a4 26. a3 Qxd5 27. Rxd5 Rc6 28. Kf2 h5 29. f4 Bg7 30. Kf3 Bf8 31. Rbd1 f6 32. h4 Kf7 33. f5 gxf5 34. Rxf5 Re5 35. Rd5 Rxf5+ 36. exf5 Rc8 37. Bf4 Rc6 38. Rd1 Rb6 39. Be3 Rb7 40. g4 hxg4+ 41. Kxg4 b4 42. cxb4 cxb4 43. axb4 Rxb4+ 44. Rd4 Rxd4+ 45. Bxd4 Bh6 46. Kf3 Bc1 47. Ke4 a3 48. bxa3 Bxa3 49. Kd5 Ke7 50. Be3 Bb2 51. h5 Be5 52. Kc6 Kf7 53. Bh6 Kg8 54. Kd5 Kf7 55. Bd2 Bg3 56. Bb4 Bf4 57. Bxd6 Bg5 58. Ke4 Bh6 59. Bf4 Bf8 60. Kd5 Ba3 61. h6 Bb2 62. Be3 Be5 63. Bd4 Bf4 64. h7 Kg7 65. Ke6 Kxh7 66. Bxf6 Kg8 67. Bh4 Bh6 68. f6 Bf8 69. Bg5 Kh7 1/2-1/2

[Event "Tatry op"]
[Site "Tatranske Zruby"]
[Date "2012.09.27"]
[Round "6"]
[White "Mocary, Metod"]
[Black "Marko, Jan"]
[Result "1-0"]
[WhiteElo "1929"]
[BlackElo "1761"]
[PlyCount "165"]
[EventDate "2012.09.23"]
[EventType "swiss"]
[EventRounds "9"]
[EventCountry "SVK"]
[SourceTitle "EXT 2023"]
[Source "ChessBase"]
[SourceDate "2022.10.05"]
[SourceVersion "1"]
[SourceVersionDate "2022.10.05"]
[SourceQuality "1"]

1. d4 d5 2. c4 c6 3. Nc3 e6 4. Nf3 Nf6 5. Bg5 dxc4 6. e3 b5 7. a4 Bb4 8. Bxf6 Qxf6 9. Be2 Nd7 10. 0-0 Bxc3 11. bxc3 Bb7 12. Rb1 a6 13. Bxc4 0-0 14. Bd3 Rfc8 15. c4 Rab8 16. axb5 cxb5 17. cxb5 Bxf3 18. Qxf3 Qxf3 19. gxf3 axb5 20. Bxb5 Nf6 21. Kg2 g5 22. Bd3 Rxb1 23. Rxb1 Kg7 24. Rb7 h6 25. Rb1 Rc7 26. Rg1 Rc3 27. Bb1 Rb3 28. Be4 Rb2 29. Rd1 Kf8 30. Rb1 Ra2 31. Rd1 Ra4 32. Bc6 Ra5 33. Kg3 Rf5 34. Be4 Ra5 35. Kg2 g4 36. Bd3 gxf3+ 37. Kxf3 Rh5 38. Rh1 Rd5 39. Be4 Rh5 40. Bc2 e5 41. h4 exd4 42. exd4 Rd5 43. Rd1 Ra5 44. Be4 Rh5 45. Rh1 Ke7 46. Kf4 Ra5 47. f3 Nh5+ 48. Ke3 Ra3+ 49. Kd2 Kd6 50. Rb1 Nf6 51. Rb6+ Ke7 52. Rb7+ Kf8 53. d5 Ra2+ 54. Ke3 Rh2 55. d6 Rxh4 56. Rb8+ Kg7 57. Bc6 Rc4 58. d7 Nxd7 59. Bxd7 Rc7 60. Bf5 Re7+ 61. Kf4 Ra7 62. Rd8 Ra4+ 63. Kg3 Ra7 64. Rd7 Ra6 65. Be4 Rf6 66. f4 Kf8 67. f5 Ke8 68. Rc7 Kf8 69. Rc6 Ke7 70. Rxf6 Kxf6 71. Kg4 Ke5 72. Bb1 Kf6 73. Kh5 Kg7 74. Bc2 f6 75. Bb3 Kh7 76. Bf7 Kh8 77. Kg4 Kh7 78. Bh5 Kg7 79. Kf4 Kf8 80. Ke4 Ke7 81. Kd5 Kd7 82. Bg6 Ke7 83. Kc6 1-0

[Event "SVK-ch Seniors"]
[Site "Tatranske Matliare"]
[Date "2012.06.03"]
[Round "3"]
[White "Ruckschloss, Karol"]
[Black "Mocary, Metod"]
[Result "1/2-1/2"]
[WhiteElo "2249"]
[BlackElo "1922"]
[PlyCount "40"]
[EventDate "2012.06.02"]
[EventType "swiss"]
[EventRounds "9"]
[EventCountry "SVK"]
[SourceTitle "EXT 2014"]
[Source "ChessBase"]
[SourceDate "2013.11.20"]
[SourceVersion "1"]
[SourceVersionDate "2013.11.20"]
[SourceQuality "1"]

1. c4 Nf6 2. g3 g6 3. Bg2 Bg7 4. e4 d6 5. Ne2 0-0 6. 0-0 c5 7. Nbc3 Nc6 8. h3 Bd7 9. d3 Rb8 10. Be3 e5 11. Nd5 Nxd5 12. cxd5 Nd4 13. Kh2 b5 14. f4 f6 15. Qd2 Bh6 16. Rf2 b4 17. Raf1 b3 18. axb3 Nxb3 19. Qd1 Nd4 20. Qd2 Nb3 1/2-1/2

[Event "SVK-ch Seniors-A"]
[Site "Tatranske Matliare"]
[Date "2011.05.??"]
[Round "6"]
[White "Herman, Peter"]
[Black "Mocary, Metod"]
[Result "1-0"]
[WhiteElo "1867"]
[BlackElo "1996"]
[PlyCount "145"]
[EventDate "2011.05.27"]
[EventType "swiss"]
[EventRounds "9"]
[EventCountry "SVK"]
[SourceTitle "EXT 2023"]
[Source "ChessBase"]
[SourceDate "2022.10.05"]
[SourceVersion "1"]
[SourceVersionDate "2022.10.05"]
[SourceQuality "1"]

1. e4 d6 2. d4 c5 3. Nf3 Nf6 4. Nc3 cxd4 5. Nxd4 g6 6. Bd3 Bg7 7. 0-0 0-0 8. h3 Nc6 9. Be3 a6 10. a3 Bd7 11. Qd2 Qc8 12. f4 Nh5 13. Nd5 Qd8 14. Nxc6 Bxc6 15. c4 e6 16. Bb6 Qh4 17. Bf2 Qd8 18. Bb6 Qd7 19. Nb4 Ng3 20. Rfe1 e5 21. f5 gxf5 22. exf5 e4 23. Nxc6 Qxc6 24. Bf2 exd3 25. Bxg3 Qxc4 26. Kh1 Qd4 27. Rf1 Rfe8 28. Qg5 h6 29. Qh5 Qd5 30. Qg4 Re2 31. Bf4 Kh7 32. Rad1 Rae8 33. Qf3 Qxf3 34. Rxf3 d2 35. Rxd2 Rxd2 36. Bxd2 Rc8 37. Rb3 b5 38. Bf4 d5 39. Kg1 Rc2 40. Rd3 d4 41. Rd2 Rxd2 42. Bxd2 d3 43. b3 h5 44. Kf2 Bd4+ 45. Kf3 Kg7 46. Ke4 Bc5 47. a4 bxa4 48. bxa4 Kf6 49. h4 Ke7 50. Be1 Bf2 51. Bb4+ Kd7 52. Kxd3 Bxh4 53. Ke4 Bd8 54. Kd5 Bh4 55. Bf8 Ke8 56. Bg7 Kd7 57. f6 Bg3 58. Bh6 Bh4 59. Ke5 Kc6 60. Be3 Be1 61. Kf5 Kd5 62. Kg5 Ke4 63. Bc1 Bc3 64. g3 Kf3 65. Bf4 Bb2 66. Kf5 Bc3 67. Bc7 Be1 68. Kg5 Bxg3 69. Bxg3 Kxg3 70. Kxh5 Kf4 71. Kh6 Kf5 72. Kg7 Ke6 73. a5 1-0

[Event "SVK-ch Seniors-A"]
[Site "Tatranske Matliare"]
[Date "2011.05.??"]
[Round "3"]
[White "Klanica, Anton"]
[Black "Mocary, Metod"]
[Result "0-1"]
[WhiteElo "1851"]
[BlackElo "1996"]
[PlyCount "94"]
[EventDate "2011.05.27"]
[EventType "swiss"]
[EventRounds "9"]
[EventCountry "SVK"]
[SourceTitle "EXT 2023"]
[Source "ChessBase"]
[SourceDate "2022.10.05"]
[SourceVersion "1"]
[SourceVersionDate "2022.10.05"]
[SourceQuality "1"]

1. e4 d6 2. d4 Nf6 3. Nc3 c6 4. Bg5 h6 5. Bh4 Qa5 6. Bd3 Qb4 7. Nge2 g5 8. Bg3 Nh5 9. Rb1 Nxg3 10. a3 Qb6 11. hxg3 Bg7 12. d5 Bg4 13. Qd2 Bxe2 14. Bxe2 Nd7 15. Na4 Qd4 16. Qxd4 Bxd4 17. Rd1 Be5 18. dxc6 bxc6 19. Kd2 Nf6 20. Kd3 Rb8 21. b3 e6 22. Rb1 Kf8 23. Nb2 d5 24. exd5 exd5 25. Na4 Ne4 26. Rhf1 Kg7 27. Bf3 f5 28. c4 dxc4+ 29. Ke2 Rxb3 30. Rxb3 cxb3 31. Bxe4 fxe4 32. Rb1 b2 33. Nc5 Bd6 34. Nxe4 Bxa3 35. Kd3 Rb8 36. Nd2 Bd6 37. f3 Bxg3 38. Nc4 Bf4 39. Kc3 Bc1 40. Na5 Rb5 41. Nc4 a5 42. Na3 Re5 43. Nc4 Re2 44. g3 Rf2 45. Nxa5 Rxf3+ 46. Kc2 Rxg3 47. Nb3 Rxb3 0-1

[Event "SVK-ch Seniors-A"]
[Site "Tatranske Matliare"]
[Date "2011.05.??"]
[Round "7"]
[White "Mocary, Metod"]
[Black "Curidlo, Jan1111"]
[Result "1-0"]
[WhiteElo "1996"]
[BlackElo "1846"]
[PlyCount "153"]
[EventDate "2011.05.27"]
[EventType "swiss"]
[EventRounds "9"]
[EventCountry "SVK"]
[SourceTitle "EXT 2023"]
[Source "ChessBase"]
[SourceDate "2022.10.05"]
[SourceVersion "1"]
[SourceVersionDate "2022.10.05"]
[SourceQuality "1"]

1. d4 Nf6 2. Nf3 e6 3. g3 b6 4. Bg2 Bb7 5. 0-0 Be7 6. c4 c5 7. Nc3 0-0 8. a3 a6 9. Re1 d5 10. Ne5 cxd4 11. Qxd4 Nc6 12. Nxc6 Bxc6 13. b4 Rc8 14. cxd5 Nxd5 15. Nxd5 Bxd5 16. e4 Bb7 17. Qxd8 Rfxd8 18. Be3 b5 19. Rac1 Rxc1 20. Rxc1 Rc8 21. Rxc8+ Bxc8 22. e5 f6 23. Bd4 fxe5 24. Bxe5 Bf6 25. f4 Kf7 26. Kf2 Bd8 27. Ke3 a5 28. Bd6 axb4 29. axb4 Bd7 30. Be4 h6 31. Kd4 Bb6+ 32. Bc5 Bc7 33. Bb7 g5 34. fxg5 hxg5 35. Ke4 Kf6 36. Bd4+ e5 37. Bf2 Bh3 38. Kf3 Bd7 39. Be4 g4+ 40. Ke2 Be6 41. Bc5 Bc4+ 42. Kf2 Ke6 43. Bb7 Kd7 44. Bg2 Bd6 45. Bxd6 Kxd6 46. Be4 Be6 47. Ke3 Bd7 48. Bg2 Be6 49. Be4 Bd7 50. Bc2 Be6 51. Bd3 Bd7 52. Ke4 Ke6 53. Be2 Bc6+ 54. Ke3 Kf5 55. Bf1 Kg5 56. h4+ gxh3 57. Bxh3 Kf6 58. Bg4 Ke7 59. Bf3 Bd7 60. Be4 Kf6 61. Bd5 Kf5 62. Bb7 Ke6 63. Ke4 Kd6 64. Kf3 Be6 65. g4 Bc4 66. g5 Bb3 67. Be4 Bd1+ 68. Kg3 Be2 69. Kh4 Ke6 70. Kg3 Bc4 71. Kf3 Kd6 72. Ke3 Ke6 73. Bh7 Kd6 74. g6 Ke6 75. g7 Kf6 76. g8Q Bxg8 77. Bxg8 1-0

[Event "SVK-ch Seniors-A"]
[Site "Tatranske Matliare"]
[Date "2011.05.??"]
[Round "2"]
[White "Mocary, Metod"]
[Black "Kunak, Stanislav"]
[Result "1-0"]
[WhiteElo "1996"]
[BlackElo "1774"]
[PlyCount "109"]
[EventDate "2011.05.27"]
[EventType "swiss"]
[EventRounds "9"]
[EventCountry "SVK"]
[SourceTitle "EXT 2023"]
[Source "ChessBase"]
[SourceDate "2022.10.05"]
[SourceVersion "1"]
[SourceVersionDate "2022.10.05"]
[SourceQuality "1"]

1. d4 d5 2. Nf3 e6 3. g3 Nf6 4. Bg5 Nbd7 5. Bg2 c6 6. 0-0 Bd6 7. Nbd2 Qc7 8. Bxf6 Nxf6 9. Re1 0-0 10. e4 dxe4 11. Nxe4 Nxe4 12. Rxe4 Bd7 13. Qd3 Rae8 14. Rh4 f5 15. Re1 Be7 16. Rh5 g6 17. Rh6 Kg7 18. Qd2 f4 19. Rh3 e5 20. Nxe5 Bxh3 21. Bxh3 fxg3 22. hxg3 Bd6 23. Kg2 Re7 24. c4 Bxe5 25. dxe5 Rd8 26. Qc3 c5 27. f4 Rd4 28. Kf2 Qb6 29. Bg2 Qb4 30. Qxb4 cxb4 31. Bd5 Rd2+ 32. Re2 Rxe2+ 33. Kxe2 b6 34. Kd3 h5 35. Ke4 a5 36. f5 gxf5+ 37. Kxf5 a4 38. e6 Kf8 39. Kf6 Rh7 40. Be4 Rc7 41. Bg6 b3 42. axb3 axb3 43. Bxh5 Rc6 44. Bf7 Rc7 45. g4 b5 46. c5 b4 47. Bh5 Rf7+ 48. Ke5 Rf2 49. g5 Rxb2 50. g6 Ke7 51. c6 Rc2 52. g7 b2 53. g8Q Rc5+ 54. Kd4 Rxh5 55. Qf7+ 1-0

[Event "SVK-ch Seniors-A"]
[Site "Tatranske Matliare"]
[Date "2010.06.06"]
[Round "1"]
[White "Rolny, Jozef"]
[Black "Mocary, Metod"]
[Result "0-1"]
[WhiteElo "1787"]
[BlackElo "1991"]
[PlyCount "94"]
[EventDate "2010.06.06"]
[EventType "swiss"]
[EventRounds "9"]
[EventCountry "SVK"]
[SourceTitle "EXT 2023"]
[Source "ChessBase"]
[SourceDate "2022.10.05"]
[SourceVersion "1"]
[SourceVersionDate "2022.10.05"]
[SourceQuality "1"]

1. d4 Nf6 2. c4 g6 3. Nc3 d5 4. cxd5 Nxd5 5. e4 Nxc3 6. bxc3 Bg7 7. Bc4 0-0 8. Ne2 c5 9. Be3 Nc6 10. Qc2 cxd4 11. cxd4 Nxd4 12. Bxd4 Bxd4 13. Nxd4 Qxd4 14. Rd1 Qe5 15. 0-0 Be6 16. Bxe6 Qxe6 17. Qb2 b6 18. e5 Rac8 19. h3 Rc5 20. f4 Rfc8 21. Qb3 Qc6 22. Rf2 e6 23. a4 Rc1 24. Rxc1 Qxc1+ 25. Kh2 Qe1 26. Rc2 Rd8 27. Qf3 Qb4 28. Rc7 Qxa4 29. Qg3 a5 30. f5 exf5 31. e6 f6 32. Rf7 Qd4 33. Qc7 Qe5+ 34. Qxe5 fxe5 35. Rb7 Re8 36. Rxb6 Kg7 37. Ra6 Kf6 38. Rxa5 Rxe6 39. Kg3 h5 40. h4 Rb6 41. Kf3 Rb3+ 42. Kf2 f4 43. Ra8 Kf5 44. Rf8+ Kg4 45. Rg8 Rb2+ 46. Kg1 Rb6 47. Kf2 Kxh4 0-1

[Event "SVK-ch Seniors-A"]
[Site "Tatranske Matliare"]
[Date "2010.06.??"]
[Round "8"]
[White "Bohm, Vilem"]
[Black "Mocary, Metod"]
[Result "0-1"]
[WhiteElo "1891"]
[BlackElo "1991"]
[PlyCount "94"]
[EventDate "2010.06.06"]
[EventType "swiss"]
[EventRounds "9"]
[EventCountry "SVK"]
[SourceTitle "EXT 2023"]
[Source "ChessBase"]
[SourceDate "2022.10.05"]
[SourceVersion "1"]
[SourceVersionDate "2022.10.05"]
[SourceQuality "1"]

1. d4 Nf6 2. c4 g6 3. Nc3 d5 4. Bg5 Ne4 5. Nxe4 dxe4 6. e3 c6 7. Qd2 Bg7 8. Ne2 0-0 9. Nc3 h6 10. Bf4 f5 11. Be2 Kh7 12. Bxb8 Rxb8 13. f3 exf3 14. Bxf3 e5 15. 0-0-0 e4 16. Be2 Be6 17. Kb1 a6 18. h3 b5 19. cxb5 cxb5 20. b3 Qe7 21. Rc1 Rbc8 22. Rhd1 Rfd8 23. Bf1 h5 24. Kb2 Bf8 25. Nb1 Qb4 26. Rxc8 Rxc8 27. Qxb4 Bxb4 28. Rc1 Rxc1 29. Kxc1 Kh6 30. a3 Bd6 31. b4 f4 32. Kd2 Kg5 33. Nc3 Kf5 34. Be2 Bf7 35. g4+ fxg3 36. Ke1 g5 37. Bf1 Bc4 38. Bg2 Bd3 39. Nd1 g4 40. Nb2 Bb1 41. Nd1 h4 42. Nb2 Ba2 43. Ke2 Be6 44. hxg4+ Kxg4 45. Bxe4 Kh3 46. Kf1 Kh2 47. d5 Bf5 0-1

[Event "SVK-ch Seniors-A"]
[Site "Tatranske Matliare"]
[Date "2010.06.??"]
[Round "7"]
[White "Mocary, Metod"]
[Black "Longauer, Igor"]
[Result "1-0"]
[WhiteElo "1991"]
[BlackElo "1861"]
[PlyCount "61"]
[EventDate "2010.06.06"]
[EventType "swiss"]
[EventRounds "9"]
[EventCountry "SVK"]
[SourceTitle "EXT 2023"]
[Source "ChessBase"]
[SourceDate "2022.10.05"]
[SourceVersion "1"]
[SourceVersionDate "2022.10.05"]
[SourceQuality "1"]

1. d4 c5 2. dxc5 e6 3. Be3 Nf6 4. f3 Nc6 5. c3 a5 6. Nd2 Qc7 7. Nc4 Ra6 8. Nd6+ Bxd6 9. cxd6 Qb8 10. Bf2 b5 11. e4 a4 12. Bg3 Nh5 13. f4 Nxg3 14. hxg3 f6 15. Nf3 Ra5 16. e5 Qb6 17. Qd2 Qc5 18. Bd3 fxe5 19. Bg6+ Kf8 20. fxe5 Kg8 21. Bc2 Nxe5 22. 0-0-0 Nxf3 23. gxf3 Bb7 24. Qf4 Ra8 25. Qh4 Qe3+ 26. Kb1 Qh6 27. Rdf1 Qxh4 28. Rxh4 Bd5 29. Be4 b4 30. Bxd5 exd5 31. cxb4 1-0

[Event "SVK-ch Seniors-A"]
[Site "Tatranske Matliare"]
[Date "2010.06.??"]
[Round "9"]
[White "Mocary, Metod"]
[Black "Priam, Stefan"]
[Result "1-0"]
[WhiteElo "1991"]
[BlackElo "1880"]
[PlyCount "71"]
[EventDate "2010.06.06"]
[EventType "swiss"]
[EventRounds "9"]
[EventCountry "SVK"]
[SourceTitle "EXT 2023"]
[Source "ChessBase"]
[SourceDate "2022.10.05"]
[SourceVersion "1"]
[SourceVersionDate "2022.10.05"]
[SourceQuality "1"]

1. d4 Nf6 2. Nf3 d5 3. c4 e6 4. Nc3 c6 5. Bg5 Be7 6. e3 Qa5 7. Qc2 Nbd7 8. Bd3 dxc4 9. Bxc4 Bb4 10. Bxf6 Nxf6 11. 0-0 b5 12. Be2 Bb7 13. a3 Bxc3 14. bxc3 0-0 15. c4 a6 16. c5 Qc7 17. Ne5 Nd7 18. f4 f6 19. Nxd7 Qxd7 20. Bd3 f5 21. g4 h6 22. h3 Bc8 23. Kh2 Qe7 24. Qg2 Qh4 25. Rg1 fxg4 26. Qxg4 Qxg4 27. hxg4 Bd7 28. g5 hxg5 29. Rxg5 Rf7 30. Kg3 a5 31. Rh1 b4 32. Rgh5 g5 33. Rh8+ Kg7 34. R1h7+ Kf6 35. Rxf7+ Kxf7 36. Rxa8 1-0